ნორმალური ფორმატი
MARC ფორმატი
ჩანაწერი Personal Name
ჩანაწერთა რაოდენობა, რომელიც გამოყენებულია: 6
001 - CONTROL NUMBER
- control field: 56
003 - CONTROL NUMBER IDENTIFIER
- control field: GE_BSU
005 - DATE AND TIME OF LATEST TRANSACTION
- control field: 20181216153543.0
008 - FIXED-LENGTH DATA ELEMENTS
- fixed length control field: 181216|| aca||aabn | a|a d
040 ## - CATALOGING SOURCE
- Original cataloging agency: GE_BSU
- Transcribing agency: GE_BSU
100 ## - HEADING--PERSONAL NAME
- Personal name: ფუტკარაძე, თამაზ
670 ## - SOURCE DATA FOUND
- Source citation: Work cat.: (GE_BSU): სამხრეთ-დასავლეთი საქართველო (ისტორია, არქეოლოგია, ეთნოლოგია) საერთაშორისო სამეცნიერო კონფერენციის მასალები :
